Statistiken für Sehenswürdigkeiten

Klicken Sie hier um das Quiz zu spielen!

Allgemein

  • Dieses Quiz wurde 186 mal gespielt
  • Das Durchschnittsergebnis liegt bei 11 aus 15

Antwortstatistiken

GebäudeStadt% Korrekt
ReichstagBerlin
99%
StadtmusikantenBremen
99%
CommerzbanktowerFrankfurt am Main
93%
BMW-WeltMünchen
91%
SpeicherstadtHamburg
88%
Mercedes-Benz-MuseumStuttgart
88%
SemperoperDresden
80%
VölkerschlachtdenkmalLeipzig
77%
Signal-Iduna-ParkDortmund
75%
Mozarts GeburtshausSalzburg
73%
Schloss SanssouciPotsdam
72%
Europa-ParkRust
65%
HolstentorLübeck
61%
Schloss NeuschwansteinSchwangau
14%
Zuse-Computer-MuseumHoyerswerda
5%

Verteilung der Resultate

Perzentil nach korrekt beantworteten Fragen

Anzahl Personen mit jedem Resultat

Ihre Resultats-Entwicklung

Sie haben dieses Quiz noch nicht gespielt